| 000 | 00677nam a2200193 a 4500 | ||
|---|---|---|---|
| 001 | 000046257 | ||
| 005 | 20250122110129.0 | ||
| 008 | 150713s1983 dr 000 0 spa d | ||
| 040 |
_aDO-SdBNP _bspa _cBNPHU |
||
| 082 |
_axxxx _bxxxx |
||
| 100 | 1 |
_aCordero, Margarita _939 |
|
| 245 | 1 | 0 |
_aNotas sobre la violación en la República Dominicana / _credacción y análisis, Margarita Cordero ; investigación Mely Pappaterra. |
| 260 |
_aSanto Domingo : _bCIPAF, _c[1983?]. |
||
| 300 |
_a20 p. ; _c19 cm. |
||
| 490 | 1 | _aEdiciones populares feministas | |
| 710 | 1 | 2 |
_aCIPAF (Organización) _91929 |
| 700 | 1 | 2 |
_aPappaterra, Mely _974277 |
| 830 | 0 |
_aEdiciones populares feministas _99429 |
|
| 999 |
_c45746 _d45746 |
||